Loading...
| Current Events | 5 | 20.00 | 100% | 60% | 40% |
| Fine Arts - Classical Music | 3 | 20.00 | 100% | 67% | 33% |
| Fine Arts - Other Fine Arts | 5 | 8.00 | 60% | 20% | 0% |
| Fine Arts - Painting and Sculpture | 3 | 10.00 | 67% | 33% | 0% |
| Geography | 3 | 16.67 | 100% | 33% | 33% |
| History - American History | 6 | 16.67 | 83% | 33% | 50% |
| History - European History | 5 | 18.00 | 100% | 40% | 40% |
| History - Other History | 5 | 14.00 | 100% | 40% | 0% |
| History - World History | 3 | 20.00 | 100% | 100% | 0% |
| Literature - Drama | 2 | 20.00 | 100% | 100% | 0% |
| Literature - Long Fiction | 4 | 12.50 | 100% | 0% | 25% |
| Literature - Misc Literature | 2 | 20.00 | 100% | 100% | 0% |
| Literature - Poetry | 3 | 16.67 | 100% | 33% | 33% |
| Literature - Short Fiction | 2 | 10.00 | 100% | 0% | 0% |
| Mythology | 6 | 15.00 | 83% | 67% | 0% |
| Other Academic | 5 | 10.00 | 80% | 20% | 0% |
| Painting and Sculpture> | 1 | 10.00 | 100% | 0% | 0% |
| Philosophy | 3 | 13.33 | 100% | 33% | 0% |
| Religion | 2 | 15.00 | 100% | 0% | 50% |
| Science - Biology | 4 | 12.50 | 100% | 0% | 25% |
| Science - Chemistry | 4 | 7.50 | 75% | 0% | 0% |
| Science - Other Science | 4 | 15.00 | 100% | 50% | 0% |
| Science - Physics | 7 | 11.43 | 71% | 43% | 0% |
| Social Science | 6 | 13.33 | 100% | 33% | 0% |